Estadísticas para 15 principales países con muertes de Covid-19 - 18 de mayo

Haz click aquí para intentar la prueba.

Estadísticas generales

  • Esta prueba ha sido intentada 3 veces
  • La puntuación promedio es 17 de 21

Estadísticas de respuestas

país% Correcto
Brasil
100%
Canadá
100%
China
100%
España
100%
Estados Unidos
100%
Francia
100%
Italia
100%
México
100%
Reino Unido
100%
Suecia
100%
Suecia
100%
Suiza
100%
Alemania
67%
Bélgica
67%
Dinamarca
67%
Ecuador
67%
Irán
67%
Países Bajos
67%
Portugal
67%
Irlanda
33%
Turquía
33%

Distribución de puntuación

Porcentaje por número respondido

Porcentaje de gente con cada puntuación

Historial de tus puntuaciones

No has intentado esta prueba.